[Event "Barcelona CC Amateurs July"]
[Site "Barcelona"]
[Date "2021.07.11"]
[Round "8"]
[White "Valbuena Castro, Gregorio"]
[Black "Solis Calancha, Jordi"]
[Result "1-0"]
[WhiteElo "1572"]
[BlackElo "1588"]
[PlyCount "38"]
[EventDate "2021.07.06"]
[EventType "tourn"]
[EventRounds "9"]
[EventCountry "ESP"]
[SourceTitle "EXT 2022"]
[Source "ChessBase"]
[SourceDate "2021.10.06"]
[SourceVersion "1"]
[SourceVersionDate "2021.10.06"]
[SourceQuality "1"]

1. e4 c6 2. d4 d5 3. e5 c5 4. c3 Nc6 5. Nf3 Bg4 6. Be3 e6 7. dxc5 Nxe5 8. Qa4+ Qd7 9. Bb5 Nc6 10. Qxg4 Nf6 11. Qa4 a6 12. Ne5 Qc8 13. Bxc6+ bxc6 14. Qxc6+ Qxc6 15. Nxc6 Rc8 16. Nb4 a5 17. Nd3 Ne4 18. b4 g5 19. g4 Nf6 1-0

[Event "Barcelona CC Amateurs July"]
[Site "Barcelona"]
[Date "2021.07.07"]
[Round "2"]
[White "Valbuena Castro, Gregorio"]
[Black "Febrero Perez, Lluis"]
[Result "1-0"]
[WhiteElo "1572"]
[BlackElo "1376"]
[PlyCount "49"]
[EventDate "2021.07.06"]
[EventType "tourn"]
[EventRounds "9"]
[EventCountry "ESP"]
[SourceTitle "EXT 2022"]
[Source "ChessBase"]
[SourceDate "2021.10.06"]
[SourceVersion "1"]
[SourceVersionDate "2021.10.06"]
[SourceQuality "1"]

1. e4 e5 2. d4 exd4 3. c3 dxc3 4. Bc4 Qe7 5. Nxc3 Nf6 6. Bg5 h6 7. Bxf6 Qxf6 8. Nf3 Bb4 9. e5 Qf4 10. Qd5 c6 11. Qd3 d5 12. Bb3 Nd7 13. 0-0 0-0 14. Bc2 g6 15. e6 Ne5 16. Nxe5 Qxe5 17. exf7+ Rxf7 18. Qxg6+ Rg7 19. Qxh6 Bf5 20. Rfe1 Be4 21. Bxe4 dxe4 22. Rxe4 Qc5 23. Qe6+ Kh8 24. Rh4+ Rh7 25. Qf6+ 1-0

[Event "Barcelona Amateurs 04"]
[Site "Barcelona"]
[Date "2021.04.09"]
[Round "5"]
[White "Valbuena Castro, Gregorio"]
[Black "Gallego Obrador, Aaron"]
[Result "1-0"]
[WhiteElo "1534"]
[BlackElo "1635"]
[PlyCount "59"]
[EventDate "2021.04.05"]
[EventType "tourn"]
[EventRounds "9"]
[EventCountry "ESP"]
[SourceTitle "EXT 2022"]
[Source "ChessBase"]
[SourceDate "2021.10.06"]
[SourceVersion "1"]
[SourceVersionDate "2021.10.06"]
[SourceQuality "1"]

1. e4 e5 2. d4 exd4 3. c3 d5 4. exd5 Qxd5 5. cxd4 Nc6 6. Nf3 Bg4 7. Be2 Nf6 8. 0-0 Be7 9. Nc3 Qd7 10. d5 Nb4 11. Ne5 Bxe2 12. Qxe2 Qc8 13. Rd1 0-0 14. a3 Na6 15. b4 Rd8 16. Bf4 Bd6 17. Qf3 Qf5 18. Nd3 h6 19. Bxd6 Qxf3 20. gxf3 Rxd6 21. b5 Nb8 22. Nc5 b6 23. N5e4 Nxe4 24. fxe4 Nd7 25. f4 g6 26. Kf2 Re8 27. Kf3 f6 28. h4 h5 29. Rg1 Kf7 30. Rae1 1-0

[Event "Barcelona Amateurs 02"]
[Site "Barcelona"]
[Date "2021.02.09"]
[Round "3"]
[White "Valbuena Castro, Gregorio"]
[Black "Costa Trave, Jaume"]
[Result "1-0"]
[WhiteElo "1575"]
[BlackElo "1717"]
[PlyCount "74"]
[EventDate "2021.02.07"]
[EventType "tourn"]
[EventRounds "9"]
[EventCountry "ESP"]
[SourceTitle "EXT 2022"]
[Source "ChessBase"]
[SourceDate "2021.10.06"]
[SourceVersion "1"]
[SourceVersionDate "2021.10.06"]
[SourceQuality "1"]

1. e4 e5 2. d4 Bd6 3. Nf3 Nc6 4. d5 Nce7 5. Bg5 f6 6. Bh4 Ng6 7. Bg3 N8e7 8. Bd3 0-0 9. 0-0 f5 10. exf5 Nxf5 11. Bxf5 Rxf5 12. Nc3 Qf6 13. Ne4 Qe7 14. Re1 b6 15. Qd3 Rh5 16. Qe2 Rh6 17. Nxd6 cxd6 18. Nd4 Qf6 19. Nb5 Bb7 20. f4 a6 21. Nc3 Rc8 22. Ne4 Qe7 23. Rac1 Rf8 24. Qe3 Nxf4 25. Bxf4 Rxf4 26. Qxb6 Qh4 27. h3 Rxe4 28. Rxe4 Qxe4 29. Qd8+ Kf7 30. Qxd7+ Kg6 31. Qxb7 Kh5 32. Qf7+ Rg6 33. g3 Kh6 34. g4 Qe3+ 35. Kg2 Qd4 36. Rf1 Qxb2 37. Qf5 Rg5 1-0

[Event "Barcelona CC-ch Amateurs A"]
[Site "Barcelona"]
[Date "2019.06.17"]
[Round "5"]
[White "Valbuena Castro, Gregorio"]
[Black "Romero Funieles, Rafael de Jesus"]
[Result "0-1"]
[WhiteElo "1654"]
[BlackElo "1656"]
[PlyCount "46"]
[EventDate "2019.06.11"]
[EventType "tourn"]
[EventRounds "9"]
[EventCountry "CAT"]
[SourceTitle "EXT 2020"]
[Source "ChessBase"]
[SourceDate "2019.10.17"]
[SourceVersion "1"]
[SourceVersionDate "2019.10.17"]
[SourceQuality "1"]

1. e4 e6 2. d4 Be7 3. Nf3 Nf6 4. Bd3 h6 5. 0-0 b6 6. c4 Bb7 7. Nc3 d6 8. Re1 c5 9. d5 e5 10. a3 Bc8 11. b4 Bg4 12. bxc5 bxc5 13. Be3 Nbd7 14. Qa4 Bxf3 15. gxf3 0-0 16. f4 exf4 17. Bxf4 Nh5 18. Be3 Bf6 19. Rac1 Be5 20. Be2 Nf4 21. Bxf4 Bxf4 22. Rb1 Ne5 23. Nd1 Qh4 0-1

[Event "Barcelona CC-ch Amateurs A"]
[Site "Barcelona"]
[Date "2019.06.11"]
[Round "1"]
[White "Castro Estrella, Joan Gabriel"]
[Black "Valbuena Castro, Gregorio"]
[Result "1-0"]
[WhiteElo "1767"]
[BlackElo "1654"]
[PlyCount "59"]
[EventDate "2019.06.11"]
[EventType "tourn"]
[EventRounds "9"]
[EventCountry "CAT"]
[SourceTitle "EXT 2020"]
[Source "ChessBase"]
[SourceDate "2019.10.17"]
[SourceVersion "1"]
[SourceVersionDate "2019.10.17"]
[SourceQuality "1"]

1. b4 e5 2. Bb2 Bxb4 3. Bxe5 Nf6 4. c4 Nc6 5. Bb2 0-0 6. e3 d5 7. cxd5 Nxd5 8. Nf3 Bg4 9. Be2 Re8 10. 0-0 Qd6 11. d4 Rad8 12. Qc2 Qh6 13. a3 Bd6 14. Nbd2 Re6 15. Rfe1 Rg6 16. g3 Nxe3 17. fxe3 Qxe3+ 18. Kg2 Qh6 19. Ng1 Be6 20. Nc4 Be7 21. Rad1 Bd5+ 22. Bf3 Bxf3+ 23. Nxf3 Bf6 24. d5 Nb8 25. Qe4 Nd7 26. Nce5 Nc5 27. Qc4 b6 28. Nxg6 Bxb2 29. Qe2 hxg6 30. Qxb2 1-0

[Event "Barcelona Barri Gotic op 7th"]
[Site "Barcelona"]
[Date "2019.04.02"]
[Round "8.6"]
[White "Valbuena Castro, Gregorio"]
[Black "Fernandez Lopez, Mario"]
[Result "1-0"]
[WhiteElo "1645"]
[BlackElo "1715"]
[PlyCount "81"]
[EventDate "2019.02.12"]
[EventType "swiss"]
[EventRounds "9"]
[EventCountry "ESP"]
[SourceTitle "EXT 2024"]
[Source "ChessBase"]
[SourceDate "2023.10.10"]
[SourceVersion "1"]
[SourceVersionDate "2023.10.10"]
[SourceQuality "1"]

1. e4 b6 2. d4 Bb7 3. Nc3 e6 4. Nf3 Bb4 5. Bd3 Nf6 6. Qe2 d5 7. exd5 Nxd5 8. Bd2 Nxc3 9. bxc3 Bd6 10. 0-0 Nd7 11. Rfe1 Nf6 12. Ne5 Nd7 13. Nxf7 Kxf7 14. Qxe6+ Kf8 15. Bc4 Qe7 16. Qf5+ Qf6 17. Qxd7 Rd8 18. Qe6 Qxe6 19. Rxe6 Bc8 20. Re2 Re8 21. Rae1 Rxe2 22. Rxe2 Bf5 23. Bg5 h6 24. Bd8 g5 25. Bf6 Rh7 26. Bd3 Bxd3 27. cxd3 Rf7 28. Be5 Ba3 29. Kf1 Rd7 30. c4 c5 31. d5 b5 32. Re3 a5 33. Rh3 Rh7 34. Bd6+ Ke8 35. cxb5 Kd7 36. Bf8 a4 37. d4 Bb4 38. Bxc5 Bc3 39. Rxc3 h5 40. b6 g4 41. Bb4 1-0

[Event "Barcelona Barri Gotic op 7th"]
[Site "Barcelona"]
[Date "2019.02.19"]
[Round "2.7"]
[White "Valbuena Castro, Gregorio"]
[Black "Romero Funieles, Rafael de Jesus"]
[Result "0-1"]
[WhiteElo "1645"]
[BlackElo "1611"]
[PlyCount "42"]
[EventDate "2019.02.12"]
[EventType "swiss"]
[EventRounds "9"]
[EventCountry "ESP"]
[SourceTitle "EXT 2024"]
[Source "ChessBase"]
[SourceDate "2023.10.10"]
[SourceVersion "1"]
[SourceVersionDate "2023.10.10"]
[SourceQuality "1"]

1. e4 e6 2. d4 Be7 3. Nf3 Nf6 4. e5 Nd5 5. c4 Nb6 6. Nc3 d6 7. exd6 cxd6 8. Bd3 N8d7 9. 0-0 Nf6 10. Bf4 Bd7 11. Re1 Rc8 12. Qe2 0-0 13. Nb5 Bxb5 14. cxb5 Nbd5 15. Bd2 Qb6 16. Rac1 Rc7 17. a4 Rxc1 18. Rxc1 Qd8 19. a5 Qb8 20. Qd1 e5 21. Bc3 g6 0-1

[Event "Barcelona Navidad Amateurs 2nd"]
[Site "Barcelona"]
[Date "2019.01.04"]
[Round "8.2"]
[White "Costa Trave, Jaume"]
[Black "Valbuena Castro, Gregorio"]
[Result "1-0"]
[WhiteElo "2019"]
[BlackElo "1873"]
[PlyCount "89"]
[EventDate "2018.12.27"]
[EventType "swiss"]
[EventRounds "9"]
[EventCountry "ESP"]
[SourceTitle "EXT 2024"]
[Source "ChessBase"]
[SourceDate "2023.10.10"]
[SourceVersion "1"]
[SourceVersionDate "2023.10.10"]
[SourceQuality "1"]

1. f4 d5 2. Nf3 Nf6 3. e3 c5 4. d4 Bg4 5. c3 cxd4 6. exd4 e6 7. Qa4+ Nbd7 8. Ne5 Bd6 9. Bd3 0-0 10. 0-0 Nb6 11. Qc2 Rc8 12. Qf2 Bxe5 13. fxe5 Ne4 14. Bxe4 dxe4 15. Qg3 Bf5 16. Bg5 Qd5 17. Nd2 Bg6 18. Rf2 Rc7 19. a3 Qb5 20. Nf1 Qd3 21. Qf4 Nd5 22. Qh4 h6 23. Bf4 Nxf4 24. Qxf4 Rc6 25. Re1 f5 26. Ng3 Rcc8 27. h4 b5 28. h5 Bf7 29. Re3 Qc4 30. Qh4 Qc7 31. Ne2 Qd8 32. Qh3 a5 33. Nf4 Qe7 34. Rg3 Rfe8 35. Ng6 Bxg6 36. Rxg6 b4 37. axb4 axb4 38. g4 bxc3 39. bxc3 Qa3 40. gxf5 Rxc3 41. Qg2 e3 42. Rxg7+ Kh8 43. Re2 Qa1+ 44. Kh2 Qa8 45. Qg6 1-0

[Event "Barcelona Navidad Amateurs 2nd"]
[Site "Barcelona"]
[Date "2018.12.31"]
[Round "5.5"]
[White "Ani, Virgil"]
[Black "Valbuena Castro, Gregorio"]
[Result "1-0"]
[WhiteElo "1728"]
[BlackElo "1873"]
[PlyCount "129"]
[EventDate "2018.12.27"]
[EventType "swiss"]
[EventRounds "9"]
[EventCountry "ESP"]
[SourceTitle "EXT 2024"]
[Source "ChessBase"]
[SourceDate "2023.10.10"]
[SourceVersion "1"]
[SourceVersionDate "2023.10.10"]
[SourceQuality "1"]

1. a3 e5 2. e4 d5 3. exd5 c6 4. Nf3 e4 5. Qe2 Nf6 6. dxc6 Nxc6 7. c3 Bd6 8. d4 0-0 9. Nfd2 Bg4 10. Qb5 Qe7 11. Nc4 a6 12. Qb3 Be6 13. Qc2 Bc7 14. Bg5 h6 15. Bxf6 Qxf6 16. Nbd2 Qh4 17. Ne3 f5 18. g3 Qd8 19. Bc4 Bxc4 20. Ndxc4 f4 21. Ng2 f3 22. Nge3 Re8 23. 0-0-0 b5 24. Nd2 Nxd4 25. cxd4 Ba5 26. Qb3+ Kh8 27. Kb1 Rc8 28. Qd5 Qe7 29. Nb3 Bb6 30. Nf5 Qg5 31. h4 Qg6 32. Ne3 Red8 33. Qf5 Qe8 34. g4 b4 35. g5 bxa3 36. gxh6 a2+ 37. Ka1 Qa4 38. hxg7+ Kg8 39. Qe6+ Kh7 40. Qxb6 Rb8 41. Nc5 Qxd1+ 42. Rxd1 Rxb6 43. Kxa2 Kxg7 44. Nc4 Rh6 45. h5 Rc6 46. Ne3 Re8 47. b4 Kh6 48. d5 Rb6 49. Nf5+ Kh7 50. d6 a5 51. Ne6 Rxe6 52. d7 Rb8 53. d8Q Rxd8 54. Rxd8 axb4 55. Rd7+ Kh8 56. Rb7 Re5 57. Rf7 Rd5 58. Rf8+ Kh7 59. Rf7+ Kg8 60. Ne7+ Kxf7 61. Nxd5 Kg7 62. Kb3 Kh6 63. Kxb4 Kxh5 64. Kc5 Kh4 65. Kd4 1-0

[Event "Barcelona Sant Marti op-B 20th"]
[Site "Barcelona"]
[Date "2018.07.20"]
[Round "8"]
[White "Rodriguez Gonzalez, Feliciano"]
[Black "Valbuena Castro, Gregorio"]
[Result "0-1"]
[WhiteElo "1403"]
[BlackElo "1646"]
[PlyCount "92"]
[EventDate "2018.07.13"]
[EventType "swiss"]
[EventRounds "9"]
[EventCountry "ESP"]
[SourceTitle "EXT 2019"]
[Source "ChessBase"]
[SourceDate "2018.10.10"]
[SourceVersion "1"]
[SourceVersionDate "2018.10.10"]
[SourceQuality "1"]

1. e4 e5 2. Nf3 Nf6 3. Nc3 Bb4 4. Nxe5 d6 5. Nf3 Nc6 6. Bb5 0-0 7. d3 Bg4 8. Bxc6 bxc6 9. 0-0 d5 10. Bg5 Bxc3 11. bxc3 dxe4 12. dxe4 Qxd1 13. Rfxd1 Nxe4 14. Be7 Rfe8 15. Bb4 Bxf3 16. gxf3 Ng5 17. Rd3 Re2 18. Rc1 Rae8 19. Bc5 Nh3+ 20. Kg2 Nf4+ 21. Kf1 Nxd3 22. cxd3 Rxa2 23. Be3 a5 24. Rb1 a4 25. Rb7 Ra8 26. Rxc7 a3 27. c4 Ra1+ 28. Kg2 a2 29. Bd4 Rd1 30. Rxc6 Rxd3 31. Ba1 Rd1 32. Bc3 a1Q 33. Bxa1 Rdxa1 34. Kg3 g6 35. Kf4 Rc1 36. Ke5 Kg7 37. c5 Rc2 38. Rc7 Rxf2 39. c6 Rxf3 40. Kd6 Rh3 41. Kd7 Rxh2 42. Rb7 Rd2+ 43. Kc7 Rc2 44. Kb6 Rb2+ 45. Kc7 Rxb7+ 46. Kxb7 Re8 0-1

[Event "Barcelona Sant Marti op-B 19th"]
[Site "Barcelona"]
[Date "2017.07.20"]
[Round "8"]
[White "Costa Trave, Jaume"]
[Black "Valbuena Castro, Gregorio"]
[Result "1-0"]
[WhiteElo "1922"]
[BlackElo "1682"]
[PlyCount "91"]
[EventDate "2017.07.13"]
[EventType "swiss"]
[EventRounds "9"]
[EventCountry "ESP"]
[SourceTitle "EXT 2018"]
[Source "ChessBase"]
[SourceDate "2017.10.13"]
[SourceVersion "1"]
[SourceVersionDate "2017.10.13"]
[SourceQuality "1"]

1. f4 d5 2. Nf3 Nf6 3. e3 Bf5 4. b3 c5 5. Bb2 e6 6. Ne5 Nbd7 7. Be2 Bd6 8. 0-0 0-0 9. d3 h6 10. Nd2 Bxe5 11. fxe5 Nh7 12. Nf3 Ng5 13. d4 Nxf3+ 14. Rxf3 Qh4 15. c4 Be4 16. Rg3 f5 17. exf6 Qxf6 18. Bf3 Bxf3 19. Rxf3 Qh4 20. Rg3 cxd4 21. cxd5 exd5 22. Bxd4 Nf6 23. Qf3 Rf7 24. Rh3 Qg4 25. Rd1 Qxf3 26. gxf3 Rd8 27. Rd2 Kh7 28. Bxa7 Re7 29. Bd4 Rc8 30. Rg3 Nh5 31. Rg4 Rc1+ 32. Kg2 Rec7 33. Bb2 R1c2 34. Rgd4 Nf6 35. Kg3 Kg6 36. a4 Kg5 37. h4+ Kf5 38. Rf4+ Ke6 39. Rxc2 Rxc2 40. Bxf6 gxf6 41. Rb4 Rc7 42. Kf4 Kf7 43. Kf5 Re7 44. e4 Re5+ 45. Kg4 h5+ 46. Kf4 1-0

[Event "Barcelona Sant Marti op-B 19th"]
[Site "Barcelona"]
[Date "2017.07.17"]
[Round "5"]
[White "Valbuena Castro, Gregorio"]
[Black "Bienvenido Kleque, Jose"]
[Result "1-0"]
[WhiteElo "1682"]
[BlackElo "1468"]
[PlyCount "63"]
[EventDate "2017.07.13"]
[EventType "swiss"]
[EventRounds "9"]
[EventCountry "ESP"]
[SourceTitle "EXT 2018"]
[Source "ChessBase"]
[SourceDate "2017.10.13"]
[SourceVersion "1"]
[SourceVersionDate "2017.10.13"]
[SourceQuality "1"]

1. e4 c6 2. d4 d5 3. e5 Bf5 4. Bd3 Bxd3 5. Qxd3 e6 6. Nf3 Qd7 7. 0-0 Be7 8. c3 c5 9. Be3 c4 10. Qc2 Nc6 11. Nbd2 Bd8 12. b3 b5 13. bxc4 bxc4 14. Rab1 Bb6 15. Rb2 Nge7 16. Ng5 h6 17. Nh3 Nf5 18. g4 Nxe3 19. fxe3 Rb8 20. Nf3 h5 21. g5 g6 22. Nf4 Rg8 23. e4 Rg7 24. exd5 exd5 25. Qg2 Ne7 26. Re2 Qc7 27. Nd2 Qc6 28. e6 fxe6 29. Rxe6 Qd7 30. Rfe1 Bd8 31. Nxd5 Rb7 32. Nf6+ 1-0

[Event "Barcelona Sant Marti op-B 19th"]
[Site "Barcelona"]
[Date "2017.07.16"]
[Round "4"]
[White "Bois D`Enghien, Noumea"]
[Black "Valbuena Castro, Gregorio"]
[Result "1-0"]
[WhiteElo "1270"]
[BlackElo "1682"]
[PlyCount "77"]
[EventDate "2017.07.13"]
[EventType "swiss"]
[EventRounds "9"]
[EventCountry "ESP"]
[SourceTitle "EXT 2018"]
[Source "ChessBase"]
[SourceDate "2017.10.13"]
[SourceVersion "1"]
[SourceVersionDate "2017.10.13"]
[SourceQuality "1"]

1. e4 e5 2. d4 exd4 3. c3 d5 4. Nf3 dxe4 5. Nxd4 Nf6 6. Bc4 Bc5 7. 0-0 0-0 8. Nb3 Bb6 9. Bf4 Nc6 10. h3 Bf5 11. Re1 Qxd1 12. Rxd1 Rad8 13. N1d2 Nd5 14. Bxd5 Rxd5 15. Nc4 Rfd8 16. Rxd5 Rxd5 17. Nxb6 cxb6 18. Nd2 Bg6 19. Re1 f5 20. g4 Ne5 21. Re2 Nd3 22. Bb8 Nc1 23. Re1 Rxd2 24. Rxc1 a6 25. Bf4 Rxb2 26. Rd1 Rxa2 27. Rd8+ Kf7 28. Rd7+ Kf6 29. Rd6+ Ke7 30. Rxb6 fxg4 31. Rxb7+ Kf6 32. hxg4 Bf7 33. Rb6+ Be6 34. Be3 a5 35. Bd4+ Ke7 36. Bxg7 Bxg4 37. c4 Bf3 38. c5 Ra1+ 39. Bxa1 1-0